000
00292nam a2200121Ia 4500
008
190216s9999||||xx |||||||||||||| ||und||
100
_a
Luther Pfahiler Eisenhart
245
0
_a
Coordinate Geometry
250
_a
1st Ed.
260
_b
Dover Publications
650
_a
Mathematics
942
_c
BK
999
_c
30454
_d
30454